| 000 | 01150cam a2200277 4500 | ||
|---|---|---|---|
| 008 | 040112n2003 000 0 eng u | ||
| 020 | _a0415318556 | ||
| 035 | _a(Sirsi) u124830 | ||
| 041 | _aeng | ||
| 050 |
_a692.5 _c18 |
||
| 100 | _aSpain, Bryan | ||
| 245 |
_aSpon's estimating costs _bguide to plumbing and heating |
||
| 250 | _a2nd ed | ||
| 260 |
_aLondon _bSpon _c2003 |
||
| 300 |
_axii, 245p. _c22cm |
||
| 350 | _a27.99 | ||
| 520 | _aAimed at contractors and small businesses carrying out small works between £50 and £50 000. Contains cost information and rates broken down into labour, material overheads and profit. Includes typical project costs and professional advice on setting up and running a business, such as on taxation, book-keeping, VAT and registration cards for the Construction Industry Scheme and legal obligations. | ||
| 520 | _aSuperseded by third edition (ISBN 0415386187) | ||
| 650 | _aBUILDING PRICE BOOKS | ||
| 650 | _aSMALL WORKS | ||
| 650 | _aSMALL BUSINESSES | ||
| 650 | _aCONSTRUCTION INDUSTRY SCHEME | ||
| 650 | _aCIS CERTIFICATES | ||
| 690 | _aBUILT ENVIRONMENT-BUILDING COSTS | ||
| 942 | _n0 | ||
| 999 |
_c103290 _d103290 |
||